Программно-методическое обеспечение учебно-воспитательной деятельности образовательных учреждений для детей, оставшихся без попечения родителей (Запись № 1166143)

Подробности
000 -МАРКЕР
контрольное поле 02433nam0a2200337 4500
001 - ИДЕНТИФИКАТОР ЗАПИСИ
контрольное поле RU\NLR\bibl\1111962
005 - ИДЕНТИФИКАТОР ВЕРСИИ
контрольное поле 20260407144224.0
021 ## - НОМЕР ГОСУДАРСТВЕННОЙ РЕГИСТРАЦИИ
Код страны российская федерация
Номер 2007-40150
Номер Листа государственной регистраци 2152
035 ## - ДРУГИЕ СИСТЕМНЫЕ НОМЕРА
Идентификатор записи (NLR Aleph) 001098995
100 ## - ДАННЫЕ ОБЩЕЙ ОБРАБОТКИ
Данные общей обработки 20070723d2007 |||y0rusy50 ca
101 0# - ЯЗЫК РЕСУРСА
Язык текста, звукозаписи и т.д. русский
102 ## - СТРАНА ПУБЛИКАЦИИ ИЛИ ПРОИЗВОДСТВА
Страна публикации российская федерация
105 ## - ПОЛЕ КОДИРОВАННЫХ ДАННЫХ: ТЕКСТОВЫЕ МАТЕРИАЛЫ, МОНОГРАФИЧЕСКИЕ
Кодированные данные о монографическом текстовом документе y |||||||||
200 1# - ЗАГЛАВИЕ И СВЕДЕНИЯ ОБ ОТВЕТСТВЕННОСТИ
Основное заглавие Программно-методическое обеспечение учебно-воспитательной деятельности образовательных учреждений для детей, оставшихся без попечения родителей
Сведения, относящиеся к заглавию (материалы для логопедов)
Первые сведения об ответственности Деп. образования г. Москвы, Учеб.-метод. центр по пробл. опеки, попечительства и социал.-пед. реабилитации детей и подростков "Детство"
Последующие сведения об ответственности [сост. В.В. Васин и др.]
-- отв. ред. В.И. Раздин
210 ## - ПУБЛИКАЦИЯ, РАСПРОСТРАНЕНИЕ И ДР.
Место издания, распространения и т.д. Москва
Имя издателя, распространителя и т. д. Центр "Школьная книга"
Дата издания, распространения и т.д. 2007
215 ## - ФИЗИЧЕСКАЯ ХАРАКТЕРИСТИКА
Специфическое обозначение материала и объем 107 с.
Размеры 21
225 1# - СЕРИЯ
Основное заглавие серии Серия: Методическое обеспечение содержания обучения и воспитания детей-сирот
606 1# - НАИМЕНОВАНИЕ ТЕМЫ КАК ПРЕДМЕТ
Наименование темы Образовательные учреждения для детей-сирот и детей, оставшихся без попечения родителей
Тематический подзаголовок Учебно-воспитательная работа
-- Методическое обеспечение
Системный номер авторитетной/нормативной записи 2518777
Идентификатор авторитетной/нормативной записи RU\NLR\auth\661492708
606 1# - НАИМЕНОВАНИЕ ТЕМЫ КАК ПРЕДМЕТ
Наименование темы Образовательные учреждения для детей-сирот и детей, оставшихся без попечения родителей
Тематический подзаголовок Логопедическая помощь
Системный номер авторитетной/нормативной записи 2518778
Идентификатор авторитетной/нормативной записи RU\NLR\auth\661492709
686 ## - ИНДЕКСЫ ДРУГИХ КЛАССИФИКАЦИЙ
Индекс Ч421.46
686 ## - ИНДЕКСЫ ДРУГИХ КЛАССИФИКАЦИЙ
Индекс Ч424(2Р)719.22к9
686 ## - ИНДЕКСЫ ДРУГИХ КЛАССИФИКАЦИЙ
Индекс Ч437.42
702 #1 - ИМЯ ЛИЦА - ВТОРИЧНАЯ ОТВЕТСТВЕННОСТЬ
Начальный элемент ввода Васяева
Часть имени, кроме начального элемента ввода В. В.
Код отношения Составитель
702 #1 - ИМЯ ЛИЦА - ВТОРИЧНАЯ ОТВЕТСТВЕННОСТЬ
Начальный элемент ввода Раздин
Часть имени, кроме начального элемента ввода В. И.
Код отношения Редактор
712 02 - НАИМЕНОВАНИЕ ОРГАНИЗАЦИИ - ВТОРИЧНАЯ ОТВЕТСТВЕННОСТЬ
Код отношения Прочие
Начальный элемент ввода "Детство", учебно-методический центр по проблемам опеки, попечительства и социально-педагогической реабилитации детей и подростков
Идентифицирующий признак Москва
Идентификатор авторитетной/нормативной записи RU\NLR\AUTH\8810087727
Системный номер авторитетной/нормативной записи 677089
801 #0 - ИСТОЧНИК ЗАПИСИ
Страна российская федерация
Организация NLR
Дата составления 20070723
Правила каталогизации RCR
801 #1 - ИСТОЧНИК ЗАПИСИ
Страна российская федерация
Организация NLR
Дата составления 20070723
942 ## - ДОПОЛНИТЕЛЬНЫЕ ЭЛЕМЕНТЫ ЗАПИСИ (АБИС)
Тип экземпляра АБИС Книга
980 ## - КОЛЛЕКЦИЯ
Название коллекции Национальная библиография
Экземпляры
Тип экземпляра Дата поступления Источник поступления Библиотека постоянного хранения Библиотека текущего хранения Место хранения Шифр хранения Штрих-код Статус не для выдачи
Книга 23.07.2007 Обязательный экземпляр РНБ (Московский) РНБ (Московский) Русский книжный фонд: издания с 1957 года, 9этаж 2007-3/20850 2476952  
Книга 23.07.2007 Обязательный экземпляр РНБ (Московский) РНБ (Московский) Русский книжный фонд: издания с 1957 года, 9этаж 2007-3/20850 2476954